000 00746nam a2200253Ia 4500
003 OSt
005 20220928121407.0
006 a|||||r|||| 00| 0
007 ta
008 220927b |||||||| |||| 00| 0 eng d
020 _c505.75
024 _a120238
037 _b172, 25/10/2013, Classic Book Service
_cTextual
040 _aSDCL
_cSDCL
_beng
041 _2eng
_aeng
082 _aV2y7M69, Q4
100 _aPfosti Eva Ed.
_9451881
245 0 _aBetween ethics and politics
_b Gandhi today
260 _aLondon
_bRoutledge
_c2014
300 _axii;184p.
_ccm.
650 _aPolitical Science
942 _hV2y7M69, Q4
_cTEXL
_2CC
999 _c765885
_d765885